000 02849cam a22004338i 4500
999 _c27225
_d27225
006 m o d
007 cr |||||||||||
008 190318s2019 nyu ob 001 0 eng
020 _a9781351216227
_q(eBook)
020 _a1351216228
020 _a9781351216197
_q(electronic bk. : Mobipocket)
020 _a1351216198
_q(electronic bk. : Mobipocket)
020 _a9781351216203
_q(electronic bk. : EPUB)
020 _a1351216201
_q(electronic bk. : EPUB)
020 _a9780203095256
_q(electronic bk.)
020 _a0203095251
_q(electronic bk.)
020 _a9781351216210
_q(electronic bk. : PDF)
020 _a135121621X
_q(electronic bk. : PDF)
040 _aOCoLC-P
_beng
_erda
072 7 _aNAT
_x025000
_2bisacsh
072 7 _aSCI
_x039000
_2bisacsh
072 7 _aLAW
_x034000
_2bisacsh
072 7 _aTQ
_2bicssc
082 0 0 _a341.4/5
_223
100 1 _aZacharias, Mark,
_d1967-
245 1 0 _aMarine policy :
_ban introduction to governance and international law of the oceans /
_cMark Zacharias and Jeff Ardron.
250 _aSecond edition.
260 _aLondon
_bTaylor & Francis Group
_c2019
300 _a1 online resource
520 _aThis book provides readers with a foundation in policy development and analysis, describing how policy, including legal mechanisms, are applied to the marine environment. It presents a systematic treatment of all aspects of marine policy, including climate change, energy, environmental protection, fisheries, mining and transportation. The health of marine environments worldwide is steadily declining, and these trends have been widely reported. Marine Policy summarizes the importance of the ocean governance nexus, discussing current and anticipated challenges facing marine ecosystems, human activities, and efforts to address these threats. This new, fully revised edition has been updated throughout, including content to reflect the recent advances in ocean management and international law. Chapters on shipping, energy/mining and integrated approaches to ocean management have been significantly reworked, plus completely new chapters on the United Nations Convention on the Law of the Sea, and the impacts of climate change have been added. Pedagogical features for students are included throughout. Aligned with current course offerings, this book is an ideal introduction for undergraduates and graduate students taking marine affairs, science and policy courses.
650 0 _aLaw of the sea.
650 7 _aNATURE / Oceans & Seas
_2bisacsh
650 7 _aSCIENCE / Life Sciences / Biology / Marine Biology
_2bisacsh
650 7 _aLAW / Environmental
_2bisacsh
700 1 _aArdron, Jeff,
_eauthor.
856 4 0 _uhttps://www.taylorfrancis.com/books/9781351216227
856 4 2 _uhttp://www.oclc.org/content/dam/oclc/forms/terms/vbrl-201703.pdf
942 _cEBK